Giamilia: Truyện núi đồi thảo nguyên

Na minha lista:
Detalhes bibliográficos
Autor principal: Chinghiz Aitmatov
Formato: Livro
Idioma:Undetermined
Publicado em: Hà Nội Văn Học 1999
Assuntos:
Tags: Adicionar Tag
Sem tags, seja o primeiro a adicionar uma tag!
Thư viện lưu trữ: Trung tâm Học liệu Trường Đại học Cần Thơ
LEADER 00523nam a2200169Ia 4500
001 CTU_34445
008 210402s9999 xx 000 0 und d
082 |a 891.743 
082 |b A311 
100 |a Chinghiz Aitmatov 
245 0 |a Giamilia: Truyện núi đồi thảo nguyên 
245 0 |c Chinghiz Aitmatov 
260 |a Hà Nội 
260 |b Văn Học 
260 |c 1999 
650 |a rusian fiction - 20th century,russian literature - 20th century 
980 |a Trung tâm Học liệu Trường Đại học Cần Thơ